书目信息 |
| 题名: |
从财富到权力
|
|
| 作者: | 扎卡利亚 著 ;门洪华 译 | |
| 分册: | ||
| 出版信息: | 北京 新华出版社 2001.05 |
|
| 页数: | 292页 | |
| 开本: | 20cm | |
| 丛书名: | 世界冷观察系列 | |
| 单 册: | ||
| 中图分类: | D771.2 | |
| 科图分类: | ||
| 主题词: | 政治 | |
| 电子资源: | ||
| ISBN: | 7-5011-5186-5 | |
| 000 | 00735nam0 2200241 450 | |
| 001 | 0752525238 | |
| 005 | 20071215153556.87 | |
| 010 | @a7-5011-5186-5@dCNY20.00 | |
| 100 | @a20071202d2001 km y0chiy0120 ea | |
| 101 | 0 | @achi |
| 102 | @aCN@b110000 | |
| 200 | 1 | @a从财富到权力@Acong cai fu dao quan li@f(美)扎卡利亚著@F(mei)zha ka li ya zhu@g门洪华等译@Gmen hong hua deng yi |
| 210 | @a北京@c新华出版社@d2001.05 | |
| 215 | @a292页@d20cm | |
| 225 | 2 | @a世界冷观察系列 |
| 410 | 0 | @12001 @a世界冷观察系列 |
| 606 | 0 | @a政治 |
| 690 | @aD771.2@v4 | |
| 701 | 0 | @a扎卡利亚@Azha ka li ya@4著 |
| 702 | 0 | @a门洪华@Amen hong hua@4译 |
| 801 | 0 | @aCN@b大连网信软件有限公司图书馆@c20071215 |
| 905 | @aBZT@dD771.2@e1 | |
| 906 | @dCNY20.00@n0@r1 | |
| 从财富到权力/(美)扎卡利亚著/门洪华等译.-北京:新华出版社,2001.05 |
| 292页;20cm.-(世界冷观察系列) |
| ISBN 7-5011-5186-5:CNY20.00 |
| ● |
| 相关链接 |
|
|
|
正题名:从财富到权力
索取号:D771.2/1
 
预约/预借
| 序号 | 登录号 | 条形码 | 馆藏地/架位号 | 状态 | 备注 |
| 1 | 609875 | 2000609875 | 中心书库南/012架A面5层2列/ [索取号:D771.2/1] | 在馆 | |
| 2 | 609876 | 2000609876 | 中心书库南/012架A面5层2列/ [索取号:D771.2/1] | 在馆 | |
| 3 | 609877 | 2000609877 | 中心书库南/012架A面5层2列/ [索取号:D771.2/1] | 在馆 | |
| 4 | 609878 | 2000609878 | 中心书库南/012架A面5层2列/ [索取号:D771.2/1] | 在馆 | |
| 5 | 609879 | 2000609879 | 中心书库南/012架A面5层2列/ [索取号:D771.2/1] | 在馆 |